000
00220 a2200097 4500
001
14144
100
_a
Stott, D.H
245
_a
The parents as teacher
260
_a
London
_b
Univ of london press
_c
090
_c
11088
_d
11088
942
_a
NUST-CAE
_c
M
_c
1212
999
_c
249217
_d
249217